La economía mexicana : (Registro nro. 8643)
[ vista simple ]
| 000 -LEADER | |
|---|---|
| fixed length control field | 03352nam a2200289Ia 4500 |
| 003 - CONTROL NUMBER IDENTIFIER | |
| control field | OSt |
| 005 - DATE AND TIME OF LATEST TRANSACTION | |
| control field | 20211022144942.0 |
| 008 - FIXED-LENGTH DATA ELEMENTS--GENERAL INFORMATION | |
| fixed length control field | 210310s1973 mx fr 001 0 spa d |
| 040 ## - CATALOGING SOURCE | |
| Original cataloging agency | CO-JMCR |
| Transcribing agency | CO-JMCR |
| 041 1# - LANGUAGE CODE | |
| Language code of text/sound track or separate title | spa |
| Language code of original | eng |
| 082 04 - DEWEY DECIMAL CLASSIFICATION NUMBER | |
| Classification number | 338.972 / |
| Item number | R462e |
| Edition number | 23 |
| 100 1# - MAIN ENTRY--PERSONAL NAME | |
| Personal name | Reynolds, Clark W., |
| 9 (RLIN) | 17867 |
| Relator term | autor |
| 245 13 - TITLE STATEMENT | |
| Title | La economía mexicana : |
| Remainder of title | su estructura y crecimiento en el siglo XX / |
| Statement of responsibility, etc. | Clark W. Reynolds ; traducción de Carlos Villegas |
| 250 ## - EDITION STATEMENT | |
| Edition statement | Primera edición |
| 260 ## - PUBLICATION, DISTRIBUTION, ETC. | |
| Place of publication, distribution, etc. | México : |
| Name of publisher, distributor, etc. | Centro Regional de Ayuda Técnica : AID, |
| Date of publication, distribution, etc. | 1973 |
| 300 ## - PHYSICAL DESCRIPTION | |
| Extent | 521 páginas ; |
| Dimensions | 23 cm. |
| 490 0# - SERIES STATEMENT | |
| Series statement | Sección de Obras de Economía |
| 500 ## - GENERAL NOTE | |
| General note | Título original: The mexican economy: twentieth-century structure and growth<br/>Incluye índice analítico y notas a pie de página. |
| 504 ## - BIBLIOGRAPHY, ETC. NOTE | |
| Bibliography, etc. note | Bibliografía: páginas 481-503 |
| 505 0# - FORMATTED CONTENTS NOTE | |
| Formatted contents note | Tres épocas del crecimiento económico de México: 1900-1960 -- La naturaleza y las consecuencias dl cambio estructural en México: 1900-1965 -- La revolución agraria en México: historia de la producción y de la productividad agrícolas: 1900-1960 -- Reforma agraria, política pública y desarrollo agrícola de México -- La urbanización y la revolución industrial en México: 1900-1965 -- Pautas políticas comerciales cambiantes: 1900-1965 -- Las finanzas públicas en el México posrevolucionario |
| 520 3# - SUMMARY, ETC. | |
| Summary, etc. | Durante los últimos cincuenta años, México ha experimentado uno de los movimientos revolucionarios más violentos de su historia Si sus costos sociales y económicos han sido elevadísimos, los cambios provocados en la vida política y en la actividad productiva de la nación le han hecho adquirir perfiles nuevos modernos, dinámicos, definitivamente dirigidos hacia el progreso en sus diversas manifestaciones, pero en especial de la agricultura y la industria.<br/>En ese lapso, el mercado nacional ha adquirido unidad, la tercera parte de la población se ha desplazado hacia las ciudades, el nivel de vida ha ascendido notablemente y el producto nacional ha alcanzado una de las tasas de desarrollo más altas de Hispanoamérica. El autor, que se interesa sobre todo por la interacción entre la agricultura y la industria en el país explica que las causas de ese espectacular crecimiento son más psico lógicas que materiales. De acuerdo con sus observaciones la producción agrícola ha aumentado de manera similar a la producción industrial, lo cual explica el crecimiento equilibrado de los sectores rural y urbano en todo aquello que se refiere a la economía: La razón de esta armonía radica en que de las discusiones de partido y de las flaquezas ocasionales, un más allá denominador común unifica a sus gobernantes estricto control de las inversiones extranjeras, tecnificación del campo, obras de infraestructura, planificación de la inversión privada, ele Además y esto es muy importante, se ha producido un fenómeno singular el nuevo hombre de empresa mexicano acepta la necesidad de las reformas sociales y económicas y planea sus actividades con vistas a ampliar el mercado tanto nacional come extranjero. |
| 546 ## - LANGUAGE NOTE | |
| Language note | Traducido del inglés. |
| 650 14 - SUBJECT ADDED ENTRY--TOPICAL TERM | |
| Topical term or geographic name entry element | Historia económica |
| 9 (RLIN) | 17869 |
| Chronological subdivision | Siglo XX |
| Geographic subdivision | México |
| 651 #1 - SUBJECT ADDED ENTRY--GEOGRAPHIC NAME | |
| Geographic name | México |
| General subdivision | Condiciones económicas |
| Chronological subdivision | Siglo XX |
| 9 (RLIN) | 10615 |
| 700 1# - ADDED ENTRY--PERSONAL NAME | |
| Personal name | Villegas, Carlos, |
| Relator term | traductor |
| 9 (RLIN) | 41262 |
| 942 ## - ADDED ENTRY ELEMENTS (KOHA) | |
| Source of classification or shelving scheme | Dewey Decimal Classification |
| Koha item type | Books |
| Withdrawn status | Lost status | Source of classification or shelving scheme | Damaged status | Not for loan | Collection code | Home library | Current library | Date acquired | Source of acquisition | Full call number | Barcode | Date last seen | Copy number | Koha item type |
|---|---|---|---|---|---|---|---|---|---|---|---|---|---|---|
| Dewey Decimal Classification | Non-fiction | Biblioteca Pública José María del Castillo y Rada | Biblioteca Pública José María del Castillo y Rada | 04/15/2018 | Donación | 338.972 / R462e | 201811660 | 05/16/2024 | Ej.1 | Books |